Statistiques concernant Quiz sur Chypre

Cliquez ici pour prendre le quiz!

Statistiques générales

  • Ce quiz a été pris 6 598 fois
  • Le résultat moyen est 13 sur 18

Statistiques - réponses

QuestionRéponse% Correct
Géographiquement parlant, à quel continent l'île de Chypre appartient-elle ?Asie
98%
Quelles sont les deux langues officielles de Chypre ?Turc
95%
Quelles sont les deux langues officielles de Chypre ?Grec
92%
Quelle est la capitale de Chypre ?Nicosie
91%
Quel nom commun désigne un habitant de Chypre ?Chypriote
89%
Quel empire a conquis l'île de Chypre en 1570 ?Empire Ottoman
86%
Quel pays non reconnu internationalement, qui existe depuis l'invasion
turque en 1974, contrôle près de la moitié de l'île de Chypre ?
Chypre du {Nord}
82%
Chypre est la troisième plus grande île de la Mer Méditerannée.
Quelles sont les deux îles qui sont plus grandes que Chypre ?
Sardaigne
82%
Chypre est la troisième plus grande île de la Mer Méditerannée.
Quelles sont les deux îles qui sont plus grandes que Chypre ?
Sicile
81%
Quel empire possédait Chypre de 58 avant J.-C. jusqu'aux croisades ?Empire Romain /
Empire Byzantin
78%
Quelle branche du christianisme est suivie par 78% de la population à Chypre ?Orthodoxe
76%
Quel conquérant célèbre a envahi l'île en l'an 333 avant notre ère ?Alexandre le Grand
74%
Quelle variété de chou serait originaire de Chypre ?Chou-{fleur}
69%
Quel pays possède les bases militaires d'Akrotiri et Dhekelia sur l'île de Chypre ?Royaume-Uni
63%
Quelle déesse est, selon la mythologie grecque, née à Paphos sur l'île de Chypre ?Aphrodite
46%
Quel roi anglais des croisades a brièvement pris le contrôle de Chypre en 1191 ?Richard Cœur de Lion
44%
Quelle pièce de Shakespeare, sous-titrée le Maure de Venise, se passe à Chypre ?Othello
21%
Quel est le point culminant de Chypre ?Mont Olympe
15%

Distribution des résultats

Percentile par nombre de réponses

% des personnes avec chaque résultat

Votre développement - résultats

Vous n’avez pas pris ce quiz